Insufflare : (Record no. 1292)

MARC details
000 -LEADER
campo de control de longitud fija 00918nam a22002057a 4500
008 - DATOS DE LONGITUD FIJA--INFORMACIÓN GENERAL
campo de control de longitud fija 170927s2007 ck||||| |||| 00| 0 spa d
020 ## - NÚMERO INTERNACIONAL ESTÁNDAR DEL LIBRO
Número Internacional Estándar del Libro 9789587018509
082 04 - NÚMERO DE LA CLASIFICACIÓN DECIMAL DEWEY
Número de clasificación 731.2
Número de ítem L864i
100 1# - ENTRADA PRINCIPAL--NOMBRE DE PERSONA
Nombre de persona López Parra, Rosario.
9 (RLIN) 5983
245 10 - MENCIÓN DEL TÍTULO
Título Insufflare :
Resto del título la escultura como espacio de movimiento /
Mención de responsabilidad, etc. Rosario López Parra.
250 ## - MENCION DE EDICION
Mención de edición 1a edición.
260 ## - PUBLICACIÓN, DISTRIBUCIÓN, ETC.
Lugar de publicación, distribución, etc. Bogotá, Colombia :
Nombre del editor, distribuidor, etc. Universidad Nacional de Colombia,
Fecha de publicación, distribución, etc. 2007.
300 ## - DESCRIPCIÓN FÍSICA
Extensión 62 páginas :
Otras características físicas ilustraciones en color.
505 0# - NOTA DE CONTENIDO CON FORMATO
Título Insufflare: la escultura como un espacio de movimiento
Mención de responsabilidad Rosario López Parra.
Título Estructuras blandas: ¿en qué pensamos cuando hablamos de estructuras?
Mención de responsabilidad Juan Fernando Mejía Mosquera.
Título Ut infra: resonancia
Mención de responsabilidad Felipe Cortés Salinas.
Título Sobre el hecho de insuflar
Mención de responsabilidad María Lovino Moscarella.
653 10 - TÉRMINO DE INDIZACIÓN--NO CONTROLADO
Término no controlado Arte contemporáneo
653 10 - TÉRMINO DE INDIZACIÓN--NO CONTROLADO
Término no controlado Escultura
653 10 - TÉRMINO DE INDIZACIÓN--NO CONTROLADO
Término no controlado Arte - Colombia
653 10 - TÉRMINO DE INDIZACIÓN--NO CONTROLADO
Término no controlado Instalación
653 10 - TÉRMINO DE INDIZACIÓN--NO CONTROLADO
Término no controlado Ensayos
Holdings
Estatus retirado Estado de pérdida Fuente del sistema de clasificación o colocación Estado de daño No para préstamo Biblioteca de origen Biblioteca actual Ubicación en estantería Fecha de adquisición Total de préstamos Signatura topográfica completa Código de barras Visto por última vez Precio de reemplazo Tipo de ítem Koha
    Clasificación Decimal Dewey     Biblioteca LadoV Biblioteca LadoV   27/09/2017   731.2 L864i 003899 27/09/2017 27/09/2017 Material 01